000 00456nam a2200181Ia 4500
008 090124s9999 xx 000 0 und d
082 _b126657
100 _aसाठे माया
245 _a जन्मगाठ
250 _a1
260 _c1989
300 _a191
600 _aसाठे माया
630 _a जन्मगाठ
700 _aसाठे माया
730 _a जन्मगाठ
942 _cBOOK
999 _c172747
_d172747